| 000 | 00489nam a2200169Ia 4500 | ||
|---|---|---|---|
| 999 |
_c12298 _d12298 |
||
| 003 | OSt | ||
| 005 | 20201023120904.0 | ||
| 008 | 190216s9999||||xx |||||||||||||| ||und|| | ||
| 040 | _coclc | ||
| 082 |
_a823.912 _bCHE/W |
||
| 100 |
_aChesterton, G K _95193 |
||
| 245 | 4 |
_aThe Wisdom Of Father Brown / _cG K Chesterton |
|
| 260 |
_bOrient Longman, _c1967. _aHyderabad: |
||
| 300 | _a200p | ||
| 650 | _aEnglish Novel | ||
| 942 |
_cBK _2ddc _h823.912 _iCHE/W _k823.912 _mCHE/W |
||